SIGPLAN Notices

Saved in:
Bibliographic Details
Format: Serial
Published: 1989
Tags: Add Tag
No Tags, Be the first to tag this record!

MARC

LEADER 00000nas a22000003a 4500
001 stu70046
005 20141122000055.6
008 011106s1989----------------------------d
040 |a STU  |b slo 
041 0
245 |a SIGPLAN Notices 
260 |c 1989 
500 |a 1989 
500 |a 1-12+Proc. 
773 0 |t SIGPLAN Notices :  |w stu_us_cat*stu60260  |x 0362-1340  |7 nnas 
996 |d Vol. 24, 1989  |v Vol. 24  |y 1989  |l EE0103  |s A  |a 24  |w stu70046_0001